000 00566cam a2200145 4500500
005 20251012032514.0
041 _afre
042 _adc
100 1 0 _aVieuille, Marie-Françoise
_eauthor
245 0 0 _aJacqueline Sudaka-Bénazéraf, Le regard de Franz Kafka, Dessins d’un écrivain, Paris, Maisonneuve et Larose, Collection « Un double regrad », 2001.
260 _c2002.
500 _a62
786 0 _nSigila | 10 | 2 | 2002-12-20 | p. 235-238 | 1286-1715
856 4 1 _uhttps://shs.cairn.info/revue-sigila-2002-2-page-235?lang=fr&redirect-ssocas=7080
999 _c1547494
_d1547494